| 000 | 01042nac a22002531u 4500 | ||
|---|---|---|---|
| 010 | _a 2006530758 | ||
| 020 | _a0521850274 | ||
| 024 | 3 | _a9780521850274 | |
| 035 | _a(CStRLIN)CTYA6975071-B | ||
| 035 | _a(CtY)6975071 | ||
| 082 | 0 | 4 |
_a621.381 _bS61735 |
| 090 |
_c2728 _d2728 |
||
| 100 | _aSingh, Jasprit. | ||
| 245 | 1 | 0 |
_aSmart electronic materials : _bfundamentals and applications / _cJasprit Singh. |
| 260 |
_aCambridge : _bCambridge University Press,2005. _c2005 |
||
| 300 |
_axxii, 408 p. : _bill. ; _c26 cm. |
||
| 504 | _aIncludes bibliographical references and index. | ||
| 650 | 0 | _aSmart materials. | |
| 650 | 0 |
_aElectronics _xMaterials. |
|
| 856 | 4 | 2 |
_3Publisher description _uhttp://www.loc.gov/catdir/enhancements/fy0664/2006530758-d.html |
| 856 | 4 | 2 |
_3Table of contents only _uhttp://www.loc.gov/catdir/enhancements/fy0664/2006530758-t.html |
| 942 |
_cBB _k621.381 S61735 |
||
| 999 |
_c2728 _d2728 |
||